| 000 | 02341cam a22005534i 4500 | ||
|---|---|---|---|
| 003 | PE-LiUPU | ||
| 005 | 20250731173418.0 | ||
| 008 | 150706s2010 miu rb 000 0 spa d | ||
| 020 | _a9780825412233 | ||
| 035 | _a(Sirsi) i9780825412233 | ||
| 040 |
_aPE-LiUPU _bspa _cPE-LiUPU _dPE-LiUPU _erda |
||
| 049 | _aPRUA | ||
| 082 | 0 | 4 |
_a230.04624 _bE63 _221 |
| 100 | 1 |
_aEnns, Paul P., _d1937- , _eautor. |
|
| 245 | 1 | 0 |
_aCompendio Portavoz de Teología / _cPaul Enns; [traducción: Daniel Andrés Díaz Pachón]. |
| 264 | 1 |
_aGrand Rapids : _bEditorial Portavoz, _c2010. |
|
| 300 |
_a734 páginas ; _c24 centímetros |
||
| 336 |
_atext _2rdacontent |
||
| 337 |
_aunmediated _2rdamedia |
||
| 338 |
_avolume _2rdacarrier |
||
| 504 | _aIncluye notas bibliográficas. | ||
| 505 | 0 | _aTeología bíblica -- Teología sistemática -- Teología histórica -- Teología dogmática -- Teología contemporánea. | |
| 526 | _aSEG42 | ||
| 526 | _aSEG41 | ||
| 526 | _aSEG40 | ||
| 526 | _aSEG39 | ||
| 526 | _aP94 | ||
| 526 | _aP87 | ||
| 526 | _aP86 | ||
| 526 | _aP85 | ||
| 526 | _aP77 | ||
| 526 | _aP76 | ||
| 526 | _aP35 | ||
| 541 | _g001-0000575; | ||
| 541 | _g001-0000611; | ||
| 650 | 0 | 4 |
_aTeología _vManuales, etc. |
| 650 | 0 | 4 |
_aFundamentalismo _vManuales, etc. |
| 650 | 0 | 4 |
_aDispensacionalismo _vManuales, etc. |
| 650 | 0 | 4 |
_aEvangelismo _vManuales, etc. |
| 700 | 1 |
_aDíaz Pachón, Daniel Andrés, _etraductor. |
|
| 910 |
_agl _cng _d20120607 |
||
| 942 |
_2ddc _cBOOK |
||
| 949 |
_a230.04624 E63 _wDEWEY _c1 _i64874 _lCCODEBUL1 _mBUL _p28.00 _r0 _sY _tBOOK _u2015-7-6 _xTEOLOGIA _PP35 _o.STAFF. Colección Teología |
||
| 949 |
_a230.04624 E63 _wDEWEY _c2 _i65721 _lCCODEBUL1 _mBUL _p57.00 _r0 _sY _tBOOK _u2015-7-6 _xTEOLOGIA _PP35 _o.STAFF. Colección Teología |
||
| 994 |
_aC0 _bPEPRU |
||
| 596 | _a1 | ||
| 999 |
_a230.04624 E63 _wDEWEY _c53579 _i64874 _d53579 _e2019-1-9 _f2021-11-9 _g6 _lCCODEBUL1 _mBUL _n1 _p28.00 _q7 _r0 _sY _tBOOK _u2015-7-6 _xTEOLOGIA _PP35 _0COMPRA _o.STAFF. Colección Teología |
||
| 999 |
_a230.04624 E63 _wDEWEY _c2 _i65721 _d2019-8-13 _e2018-10-25 _f2021-11-9 _g6 _lCCODEBUL1 _mBUL _n2 _p57.00 _q10 _r0 _sY _tBOOK _u2015-7-6 _xTEOLOGIA _PP35 _0COMPRA _o.STAFF. Colección Teología |
||
| 980 |
_81 _gALBERTO SANCHEZ Responsable de Automatización |
||